[Event "BL2 Sued 1213 (Women)"]
[Site "Germany"]
[Date "2013.01.20"]
[Round "5.6"]
[White "Zemke, Christine"]
[Black "Nischik, Natascha"]
[Result "0-1"]
[WhiteElo "1752"]
[BlackElo "1454"]
[PlyCount "114"]
[EventDate "2012.10.06"]
[EventType "team-tourn"]
[EventRounds "7"]
[EventCountry "GER"]
[SourceTitle "EXT 2018"]
[Source "ChessBase"]
[SourceDate "2017.10.13"]
[SourceVersion "1"]
[SourceVersionDate "2017.10.13"]
[SourceQuality "1"]
[WhiteTeam "Schott Mainz (W)"]
[BlackTeam "Wadgassen/Differten (W)"]
[WhiteTeamCountry "GER"]
[BlackTeamCountry "GER"]

1. d4 Nf6 2. e3 e6 3. Bd3 b6 4. Nc3 Bb4 5. Bd2 Bb7 6. Nf3 0-0 7. 0-0 d5 8. Ne5 Nbd7 9. f4 c5 10. a3 Bxc3 11. Bxc3 c4 12. Be2 Ne4 13. Bb4 Re8 14. Bh5 g6 15. Bf3 Ndf6 16. Qe2 a5 17. Be1 c3 18. b3 Ba6 19. Nd3 Rc8 20. Bh4 Qc7 21. Rfd1 Nd7 22. Qe1 Bxd3 23. Rxd3 Nd2 24. Be2 Kg7 25. Bg3 f5 26. Bh4 Nf6 27. Bxf6+ Kxf6 28. Qc1 Rg8 29. g3 h5 30. Qe1 g5 31. Qf2 Qg7 32. fxg5+ Qxg5 33. Qf4 Qxf4 34. exf4 h4 35. Kg2 hxg3 36. h3 Ne4 37. Re3 Rh8 38. Re1 Rh4 39. Bd3 Rxf4 40. Bxe4 Rxe4 41. Rxe4 dxe4 42. Kxg3 Kg5 43. h4+ Kf6 44. Kf4 Rg8 45. h5 Rg4+ 46. Ke3 Rg3+ 47. Kf2 Rh3 48. Kg2 Rxh5 49. Re3 Rg5+ 50. Kf2 Rg4 51. Rxc3 f4 52. Rc8 Rg7 53. c3 e3+ 54. Kf1 f3 55. Rf8+ Rf7 56. Rh8 Kf5 57. Rh4 Rg7 0-1

[Event "BL2 Sued 1112 (Women)"]
[Site "Germany"]
[Date "2011.11.26"]
[Round "3.6"]
[White "Lorenz, Oda"]
[Black "Nischik, Natascha"]
[Result "0-1"]
[WhiteElo "1870"]
[BlackElo "1377"]
[PlyCount "96"]
[EventDate "2011.10.29"]
[EventType "team-tourn"]
[EventRounds "7"]
[EventCountry "GER"]
[SourceTitle "EXT 2013"]
[Source "ChessBase"]
[SourceDate "2012.11.22"]
[SourceVersion "1"]
[SourceVersionDate "2012.11.22"]
[SourceQuality "1"]
[WhiteTeam "Augsburg (W)"]
[BlackTeam "Differten (W)"]
[WhiteTeamCountry "GER"]
[BlackTeamCountry "GER"]

1. e4 e5 2. Nf3 Nc6 3. Bb5 Nf6 4. 0-0 d6 5. d3 Be7 6. Re1 0-0 7. c3 Bd7 8. Nbd2 a6 9. Ba4 b5 10. Bb3 Na7 11. Nf1 c5 12. Ng3 Qc7 13. Bg5 Nc6 14. Rc1 Rfe8 15. h3 Rab8 16. Nh4 h6 17. Bxf6 Bxf6 18. Nhf5 Ne7 19. Ne3 Bg5 20. Qf3 Rf8 21. Rcd1 Be6 22. Nd5 Bxd5 23. exd5 Ng6 24. Ne4 Qe7 25. g3 f5 26. Nd2 f4 27. g4 Nh4 28. Qe4 Qf6 29. Nf3 Nxf3+ 30. Qxf3 Qg6 31. Qe4 Qxe4 32. Rxe4 Rbd8 33. f3 Kh7 34. Bc2 Be7 35. d4 cxd4 36. cxd4 Kg8 37. dxe5 dxe5 38. Rxe5 Bf6 39. Re6 a5 40. b3 Rc8 41. Bf5 Rc3 42. Kf2 Kf7 43. Ra6 Bd8 44. Rd4 Re8 45. Rxf4 Bh4+ 46. Kg2 Re2+ 47. Kf1 Rf2+ 48. Ke1 Rc1# 0-1

[Event "GER-chT U20 Girls"]
[Site "Arendsee"]
[Date "2008.12.29"]
[Round "4.4"]
[White "Nake, Marianne"]
[Black "Nischik, Natascha"]
[Result "1/2-1/2"]
[WhiteElo "1320"]
[BlackElo "1415"]
[PlyCount "89"]
[EventDate "2008.12.27"]
[EventType "team-swiss"]
[EventRounds "5"]
[EventCountry "GER"]
[SourceTitle "EXT 2010"]
[Source "ChessBase"]
[SourceDate "2010.11.25"]
[SourceVersion "1"]
[SourceVersionDate "2010.11.25"]
[SourceQuality "1"]
[WhiteTeam "Dresden Gruen Weiss U20 Girls"]
[BlackTeam "Wadgassen/Differten U20 Girls"]
[WhiteTeamCountry "GER"]
[BlackTeamCountry "GER"]

1. e4 e5 2. Bc4 Bc5 3. Nf3 Nc6 4. d3 Nf6 5. 0-0 d6 6. c3 Be6 7. Bb3 0-0 8. Bc2 Ne8 9. Ng5 h6 10. Nxe6 fxe6 11. Qg4 Qf6 12. Qg3 Ne7 13. Nd2 Ng6 14. Nf3 Nf4 15. Re1 c6 16. Be3 Bxe3 17. Rxe3 Qg6 18. Rd1 Qxg3 19. hxg3 Ng6 20. Bb3 Nc7 21. d4 exd4 22. Nxd4 Rfe8 23. Nf3 d5 24. Rde1 Kf7 25. Bc2 Nf8 26. Ne5+ Kf6 27. Ng4+ Kf7 28. Rf3+ Ke7 29. Ne5 Kd6 30. Nf7+ Kc5 31. b4+ Kb6 32. a4 a6 33. Bd3 Ka7 34. Ra1 Rab8 35. b5 a5 36. Rb1 cxb5 37. axb5 b6 38. Nd6 Red8 39. Nf7 Rd7 40. Ne5 Rdd8 41. Nc6+ Kb7 42. Nxb8 Kxb8 43. Rf7 g5 44. Rf6 h5 45. Rh6 1/2-1/2

[Event "GER-chT U20 Girls"]
[Site "Arendsee"]
[Date "2008.12.28"]
[Round "3.4"]
[White "Nischik, Natascha"]
[Black "Hafner, Katrin"]
[Result "1-0"]
[WhiteElo "1415"]
[BlackElo "1609"]
[PlyCount "85"]
[EventDate "2008.12.27"]
[EventType "team-swiss"]
[EventRounds "5"]
[EventCountry "GER"]
[SourceTitle "EXT 2010"]
[Source "ChessBase"]
[SourceDate "2010.11.25"]
[SourceVersion "1"]
[SourceVersionDate "2010.11.25"]
[SourceQuality "1"]
[WhiteTeam "Wadgassen/Differten U20 Girls"]
[BlackTeam "Stuttgart Wolfbusch U20 Girls"]
[WhiteTeamCountry "GER"]
[BlackTeamCountry "GER"]

1. c4 e5 2. Nc3 Nc6 3. g3 g6 4. Bg2 Bg7 5. Nf3 d6 6. d3 f5 7. a3 h6 8. b4 Nf6 9. Qb3 Be6 10. Bb2 0-0 11. 0-0 Kh7 12. b5 Ne7 13. Rab1 Rb8 14. Qc2 Qd7 15. a4 Nh5 16. Rbd1 f4 17. Ne4 Bh3 18. Nfg5+ hxg5 19. Nxg5+ Kh8 20. Bxh3 Qe8 21. Ne6 Rf7 22. Nxg7 Nxg7 23. d4 Nef5 24. dxe5 dxe5 25. Qe4 Kh7 26. Qxe5 fxg3 27. fxg3 Re7 28. Qc3 Ne3 29. Qd4 Nxd1 30. Rxd1 Nf5 31. Bxf5 gxf5 32. Qh4+ Kg6 33. Rd6+ Re6 34. Rxe6+ Qxe6 35. Kf2 Rc8 36. Qd4 Qe7 37. h4 b6 38. Qf4 Re8 39. h5+ Kxh5 40. Qxf5+ Qg5 41. g4+ Kh4 42. Bf6 Re5 43. Qxe5 1-0

[Event "GER-chT U20 Girls"]
[Site "Stuttgart"]
[Date "2007.12.30"]
[Round "7.4"]
[White "Nischik, Natascha"]
[Black "Hafner, Katrin"]
[Result "1/2-1/2"]
[WhiteElo "1374"]
[BlackElo "1676"]
[PlyCount "46"]
[EventDate "2007.12.27"]
[EventType "team-swiss"]
[EventRounds "7"]
[EventCountry "GER"]
[SourceTitle "EXT 2009"]
[Source "ChessBase"]
[SourceDate "2008.11.26"]
[SourceVersion "1"]
[SourceVersionDate "2008.11.26"]
[SourceQuality "1"]
[WhiteTeam "Wadgassen/Differten U20 Girls"]
[BlackTeam "Wolfbusch U20 Girls"]
[WhiteTeamCountry "GER"]
[BlackTeamCountry "GER"]

1. c4 e5 2. Nc3 Nc6 3. g3 g6 4. Bg2 Bg7 5. d3 d6 6. Nf3 f5 7. 0-0 h6 8. Ne1 g5 9. e3 Nf6 10. f4 Ng4 11. h3 Nf6 12. Qe2 Qe7 13. Rb1 Nd8 14. Bd2 Nf7 15. b4 h5 16. Nd5 Nxd5 17. Bxd5 h4 18. Bxf7+ Kxf7 19. Nf3 exf4 20. gxf4 g4 21. Ng5+ Kf8 22. Qg2 Rb8 23. Rbe1 g3 1/2-1/2

[Event "GER-chT U20 Girls"]
[Site "Stuttgart"]
[Date "2007.12.28"]
[Round "3.4"]
[White "Buncke, Johanna"]
[Black "Nischik, Natascha"]
[Result "1-0"]
[WhiteElo "1531"]
[BlackElo "1374"]
[PlyCount "51"]
[EventDate "2007.12.27"]
[EventType "team-swiss"]
[EventRounds "7"]
[EventCountry "GER"]
[SourceTitle "EXT 2009"]
[Source "ChessBase"]
[SourceDate "2008.11.26"]
[SourceVersion "1"]
[SourceVersionDate "2008.11.26"]
[SourceQuality "1"]
[WhiteTeam "Koenig Tegel U20 Girls"]
[BlackTeam "Wadgassen/Differten U20 Girls"]
[WhiteTeamCountry "GER"]
[BlackTeamCountry "GER"]

1. e4 e5 2. Nf3 Nc6 3. d4 exd4 4. Nxd4 Nf6 5. Nxc6 bxc6 6. e5 Nd5 7. c4 Nb6 8. g3 d5 9. exd6 cxd6 10. Bg2 Bb7 11. 0-0 Be7 12. Nd2 0-0 13. b3 Rb8 14. Bb2 Bf6 15. Bxf6 Qxf6 16. Ne4 Qg6 17. Qxd6 Qxd6 18. Nxd6 Ba8 19. Rad1 Rbd8 20. Nf5 Rxd1 21. Rxd1 Re8 22. Ne7+ Kf8 23. Nxc6 Bxc6 24. Bxc6 Re2 25. Rd8+ Ke7 26. Re8+ 1-0

[Event "BL2 West 0708 (Women)"]
[Site "Germany"]
[Date "2007.11.10"]
[Round "1.6"]
[White "Kraus, Tanja"]
[Black "Nischik, Natascha"]
[Result "1-0"]
[WhiteElo "1973"]
[BlackElo "1374"]
[PlyCount "71"]
[EventDate "2007.11.10"]
[EventType "team-tourn"]
[EventRounds "7"]
[EventCountry "GER"]
[SourceTitle "EXT 2009"]
[Source "ChessBase"]
[SourceDate "2008.11.26"]
[SourceVersion "1"]
[SourceVersionDate "2008.11.26"]
[SourceQuality "1"]
[WhiteTeam "Wattenscheid (W)"]
[BlackTeam "Wadgassen/Differten (W)"]
[WhiteTeamCountry "GER"]
[BlackTeamCountry "GER"]

1. e4 e5 2. Nf3 Nc6 3. Bb5 Nf6 4. 0-0 a6 5. Ba4 b5 6. Bb3 Bc5 7. c3 Bb6 8. d4 d6 9. dxe5 Nxe5 10. Nxe5 dxe5 11. Qxd8+ Kxd8 12. Bxf7 Nxe4 13. Bd5 Bxf2+ 14. Rxf2 Nxf2 15. Bxa8 Nd3 16. Bg5+ Kd7 17. Be4 Nxb2 18. Na3 Na4 19. Rd1+ Ke6 20. Nb1 h6 21. Bd5+ Kf5 22. Be3 g5 23. Rf1+ Kg6 24. Bb3 Rd8 25. Bxa4 bxa4 26. Nd2 Be6 27. a3 Rd3 28. Re1 Rxc3 29. Nb1 Rc6 30. Bd2 Bf5 31. Nc3 Kf6 32. Nd5+ Ke6 33. Ne3 Rd6 34. Bb4 Rd8 35. Rc1 Rc8 36. Rc6+ 1-0

[Event "GER-chT U20 Girls"]
[Site "Torgelow"]
[Date "2006.12.28"]
[Round "4.3"]
[White "Nischik, Natascha"]
[Black "Sdunzik, Jennifer"]
[Result "0-1"]
[WhiteElo "1486"]
[BlackElo "1971"]
[PlyCount "68"]
[EventDate "2006.12.27"]
[EventType "team-swiss"]
[EventRounds "7"]
[EventCountry "GER"]
[SourceTitle "EXT 2008"]
[Source "ChessBase"]
[SourceDate "2007.11.25"]
[SourceVersion "1"]
[SourceVersionDate "2007.11.25"]
[SourceQuality "1"]
[WhiteTeam "Wadgassen/Differten U20 Girls"]
[BlackTeam "Ruedersdorf Glueckauf U20 Girls"]
[WhiteTeamCountry "GER"]
[BlackTeamCountry "GER"]

1. c4 e5 2. Nc3 Nc6 3. g3 g6 4. Bg2 d6 5. d3 Bg7 6. Nf3 f5 7. Rb1 Nf6 8. Qc2 0-0 9. 0-0 Nh5 10. e3 Be6 11. b3 Rb8 12. Bd2 Nb4 13. Qd1 Nxd3 14. Ne1 Nxe1 15. Rxe1 Qd7 16. Qe2 c6 17. Na4 Rbe8 18. Red1 f4 19. Bf3 fxg3 20. fxg3 Nf6 21. Rf1 Bh3 22. Bg2 Bxg2 23. Qxg2 d5 24. cxd5 cxd5 25. Nc5 Qb5 26. Na4 Ne4 27. Nc3 Nxc3 28. Bxc3 Qd3 29. Bd2 Bh6 30. Rbe1 Rxf1+ 31. Rxf1 Bxe3+ 32. Bxe3 Qxe3+ 33. Rf2 e4 34. Qf1 Rf8 0-1

[Event "GER-chT U20 Girls"]
[Site "Naunhof"]
[Date "2005.12.29"]
[Round "5.4"]
[White "Beltz, Carmen"]
[Black "Nischik, Natascha"]
[Result "1-0"]
[WhiteElo "1799"]
[BlackElo "1304"]
[PlyCount "77"]
[EventDate "2005.12.27"]
[EventType "team-swiss"]
[EventRounds "7"]
[EventCountry "GER"]
[SourceTitle "CBM 110 Extra"]
[Source "ChessBase"]
[SourceDate "2006.03.10"]
[SourceVersion "2"]
[SourceVersionDate "2006.03.10"]
[SourceQuality "1"]

1. e4 e5 2. Nf3 Nc6 3. Nc3 Bc5 4. Nxe5 Nxe5 5. d4 Bxd4 6. Qxd4 d6 7. Be2 Qf6 8. Be3 Ne7 9. 0-0 Bd7 10. Rad1 0-0 11. h3 Qg6 12. Kh2 f5 13. f4 N5c6 14. Qd3 fxe4 15. Qxe4 Rae8 16. Bc4+ Kh8 17. Qxg6 Nxg6 18. Nd5 Be6 19. Bd2 Bxd5 20. Bxd5 Re2 21. Bc4 Re7 22. Rde1 h6 23. Bd3 Rxe1 24. Rxe1 Nge7 25. a3 Kg8 26. g4 Kf7 27. Kg3 Re8 28. Bc3 a6 29. h4 b5 30. h5 Rh8 31. Be4 Na7 32. Bf3 c5 33. Bxg7 Re8 34. Bc3 Rg8 35. Kh4 d5 36. Bd2 d4 37. g5 hxg5+ 38. fxg5 Kg7 39. Rxe7+ 1-0

[Event "Saarland-ch C"]
[Site "Saarlouis Steinrausch"]
[Date "2005.03.25"]
[Round "8"]
[White "Nischik, Natascha"]
[Black "Schorn, Siegfried"]
[Result "0-1"]
[WhiteElo "1297"]
[BlackElo "1408"]
[PlyCount "61"]
[EventDate "2005.03.18"]
[EventType "swiss"]
[EventRounds "9"]
[EventCountry "GER"]
[SourceTitle "EXT 2012"]
[Source "ChessBase"]
[SourceDate "2011.11.24"]
[SourceVersion "1"]
[SourceVersionDate "2011.11.24"]
[SourceQuality "1"]

1. c4 Nf6 2. Nc3 d5 3. cxd5 Nxd5 4. Nf3 e6 5. g3 Be7 6. Bg2 0-0 7. 0-0 c5 8. b3 Nxc3 9. dxc3 Qc7 10. Bb2 Nc6 11. Qc2 b6 12. Rfd1 Bb7 13. Rd2 Rad8 14. Rad1 Rxd2 15. Rxd2 Rd8 16. Rxd8+ Qxd8 17. Qd3 Qxd3 18. exd3 Bf6 19. Nd2 g6 20. Kf1 Kf8 21. Ne4 Be7 22. Ke1 Ne5 23. Ke2 f5 24. Nxc5 Bxg2 25. Nxe6+ Kf7 26. Nf4 Bf3+ 27. Ke3 Bb7 28. c4 Ng4+ 29. Ke2 Nxh2 30. Ke3 Bg5 31. Be5 0-1

[Event "Saarland-ch C"]
[Site "Saarlouis Steinrausch"]
[Date "2005.03.23"]
[Round "6"]
[White "Pallier, Alfons"]
[Black "Nischik, Natascha"]
[Result "0-1"]
[WhiteElo "1503"]
[BlackElo "1297"]
[PlyCount "90"]
[EventDate "2005.03.18"]
[EventType "swiss"]
[EventRounds "9"]
[EventCountry "GER"]
[SourceTitle "EXT 2012"]
[Source "ChessBase"]
[SourceDate "2011.11.24"]
[SourceVersion "1"]
[SourceVersionDate "2011.11.24"]
[SourceQuality "1"]

1. d4 d6 2. c4 g6 3. Nc3 Bg7 4. e4 Nf6 5. Bg5 Nbd7 6. Nf3 0-0 7. Be2 Nb6 8. 0-0 Bg4 9. b3 Nbd7 10. h3 Bxf3 11. Bxf3 Rc8 12. Rc1 h6 13. Be3 Kh7 14. Re1 e6 15. Bf4 e5 16. dxe5 Nxe5 17. Bxe5 dxe5 18. Qxd8 Rcxd8 19. Rcd1 c6 20. g4 Kg8 21. Rxd8 Rxd8 22. Rd1 Rxd1+ 23. Bxd1 Kf8 24. f3 Ke7 25. c5 Nd7 26. b4 Ke6 27. Bb3+ Ke7 28. a3 h5 29. Ne2 Bh6 30. Kf2 h4 31. Ke1 Nf8 32. Kd1 Nh7 33. b5 cxb5 34. Bd5 Be3 35. c6 bxc6 36. Bxc6 a6 37. Bb7 a5 38. Ba6 b4 39. axb4 axb4 40. Bc4 Ng5 41. Nc1 Bxc1 42. Kxc1 Nxf3 43. Bf1 Kd6 44. Kc2 Kc5 45. Be2 Nd4+ 0-1

[Event "Saarland-ch C"]
[Site "Saarlouis Steinrausch"]
[Date "2005.03.18"]
[Round "1"]
[White "Nischik, Natascha"]
[Black "Wilhelm, Robin"]
[Result "1-0"]
[WhiteElo "1297"]
[BlackElo "1111"]
[PlyCount "112"]
[EventDate "2005.03.18"]
[EventType "swiss"]
[EventRounds "9"]
[EventCountry "GER"]
[SourceTitle "EXT 2012"]
[Source "ChessBase"]
[SourceDate "2011.11.24"]
[SourceVersion "1"]
[SourceVersionDate "2011.11.24"]
[SourceQuality "1"]

1. c4 e5 2. Nc3 Bc5 3. Nf3 d6 4. d3 Bg4 5. Bd2 Nf6 6. g3 Nc6 7. Bg2 Qd7 8. a3 h5 9. b4 Bd4 10. b5 Ne7 11. Nxd4 exd4 12. Ne4 Nxe4 13. Bxe4 0-0-0 14. Qa4 a6 15. Qa5 d5 16. Bg2 Qe6 17. f3 Bf5 18. Kf2 dxc4 19. bxa6 Qxa6 20. Qxa6 bxa6 21. dxc4 d3 22. exd3 Bxd3 23. Rac1 Bxc4 24. Bb4 Rd4 25. Bh3+ Kb7 26. Bxe7 Re8 27. Rb1+ Kc6 28. Rhe1 Rd2+ 29. Kg1 Re2 30. Rxe2 Bxe2 31. Rc1+ Kb7 32. Bb4 Bxf3 33. Rf1 Bd5 34. Rf5 Be6 35. Rxh5 g6 36. Re5 c6 37. Bxe6 Rxe6 38. Rxe6 fxe6 39. Bd6 Kb6 40. Kf2 c5 41. Ke3 Kc6 42. Be5 Kd5 43. Kf4 c4 44. Bc3 g5+ 45. Kxg5 e5 46. h4 e4 47. h5 e3 48. h6 Ke4 49. h7 Kd3 50. h8Q e2 51. Qd4+ Kc2 52. Qxc4 a5 53. Bxa5+ Kd1 54. Qd3+ Kc1 55. Qd2+ Kb1 56. Bc3 e1Q 1-0

[Event "GER-chT U20 Girls"]
[Site "Pori"]
[Date "2004.12.28"]
[Round "4.4"]
[White "Nischik, Natascha"]
[Black "Peschke, Susanne"]
[Result "0-1"]
[WhiteElo "1329"]
[BlackElo "1578"]
[PlyCount "92"]
[EventDate "2004.12.27"]
[EventType "team"]
[EventRounds "7"]
[EventCountry "GER"]
[SourceTitle "EXT 2006"]
[Source "ChessBase"]
[SourceDate "2005.11.24"]
[SourceVersion "1"]
[SourceVersionDate "2005.11.24"]
[SourceQuality "1"]

1. c4 e5 2. Nc3 Nf6 3. g3 g6 4. Bg2 Bg7 5. d3 Nc6 6. Bd2 d6 7. Nf3 0-0 8. 0-0 Be6 9. a3 Qd7 10. Rb1 Bh3 11. b4 a6 12. Qc1 Rfe8 13. Bg5 Nh5 14. Nd5 Bxg2 15. Kxg2 f6 16. Be3 f5 17. c5 Rf8 18. cxd6 cxd6 19. Nb6 Qe6 20. Nxa8 Rxa8 21. Qc4 d5 22. Ng5 Qd7 23. Qb3 f4 24. Bc1 h6 25. Nf3 Kh7 26. e4 d4 27. Qd5 Qg4 28. h3 Qc8 29. b5 Ne7 30. Qd6 Bf8 31. Qxe5 fxg3 32. fxg3 Qc2+ 33. Bd2 Qxd3 34. Qxd4 Qxa3 35. Bc3 Bg7 36. e5 Nf5 37. Qd3 Nfxg3 38. Nh4 Qa2+ 39. Rb2 Qe6 40. Rf3 Rg8 41. Rbf2 Bxe5 42. Bxe5 Qxe5 43. Rf7+ Kh8 44. Nxg6+ Rxg6 45. Qd8+ Rg8 46. Kh2 Rxd8 0-1

[Event "GER-ch U16 Girls"]
[Site "Willingen"]
[Date "2004.05.31"]
[Round "4"]
[White "Nischik, Natascha"]
[Black "Tovmasian, Nelli"]
[Result "0-1"]
[WhiteElo "1300"]
[BlackElo "1612"]
[PlyCount "110"]
[EventDate "2004.06.??"]
[EventType "swiss"]
[EventRounds "9"]
[EventCountry "GER"]
[SourceTitle "EXT 2005"]
[Source "ChessBase"]
[SourceDate "2004.11.15"]
[SourceVersion "1"]
[SourceVersionDate "2004.11.15"]
[SourceQuality "1"]

1. c4 g6 2. Nc3 Bg7 3. Nf3 Nf6 4. g3 0-0 5. Bg2 c6 6. 0-0 d6 7. d3 Qc7 8. Bd2 Nbd7 9. Qc1 Nb6 10. Bh6 Rd8 11. Bxg7 Kxg7 12. Rd1 Bg4 13. b3 d5 14. cxd5 Nbxd5 15. Nxd5 Rxd5 16. Qb2 Kg8 17. Rdc1 Rad8 18. Rc2 Bxf3 19. Bxf3 R5d6 20. Rac1 Ne8 21. b4 Qd7 22. a4 a6 23. a5 Nc7 24. Rc4 Ne6 25. Bg2 Ng7 26. Qc3 Ne6 27. Bh3 Nf4 28. Rxf4 Qxh3 29. Rh4 Qf5 30. Qd2 Rf6 31. Rf4 Qe6 32. Rxf6 Qxf6 33. Qc3 Qe6 34. Qd2 Qd6 35. Rc4 Qf6 36. Qc3 Qe6 37. Re4 Qd6 38. Qc5 Qxc5 39. bxc5 e6 40. Rb4 Rd7 41. Kg2 Kg7 42. Kf3 f6 43. h4 Kf7 44. g4 e5 45. Ke4 Ke6 46. Kf3 f5 47. g5 Kd5 48. Rc4 e4+ 49. Ke3 Re7 50. f3 exd3+ 51. Kxd3 Rxe2 52. Kxe2 Kxc4 53. Ke3 Kxc5 54. Kf4 Kd4 55. h5 c5 0-1

[Event "Saarlouis op 6th"]
[Site "Saarlouis"]
[Date "2003.06.01"]
[Round "7"]
[White "Nischik, Natascha"]
[Black "Wintrich, Christian"]
[Result "1/2-1/2"]
[WhiteElo "1200"]
[BlackElo "1469"]
[PlyCount "107"]
[EventDate "2003.05.??"]
[EventType "swiss"]
[EventRounds "7"]
[EventCountry "GER"]
[SourceTitle "EXT 2006"]
[Source "ChessBase"]
[SourceDate "2005.11.24"]
[SourceVersion "1"]
[SourceVersionDate "2005.11.24"]
[SourceQuality "1"]

1. c4 g6 2. Nc3 Bg7 3. Nf3 c5 4. g3 d6 5. Bg2 Bd7 6. 0-0 Bc6 7. d3 Nf6 8. Bd2 0-0 9. Qc1 Qc8 10. Bh6 Bd7 11. Bxg7 Kxg7 12. Rb1 a6 13. Qd2 Nc6 14. a3 a5 15. Na4 Qc7 16. Nc3 Rad8 17. b3 b6 18. Qb2 Kg8 19. Nb5 Qb8 20. Rfe1 Na7 21. Nxa7 Qxa7 22. Qd2 Kg7 23. Ra1 a4 24. bxa4 Bxa4 25. Qb2 Rb8 26. Nd2 e5 27. Qa2 b5 28. cxb5 Rxb5 29. Reb1 Rxb1+ 30. Rxb1 Rb8 31. Rxb8 Qxb8 32. Qb1 Qxb1+ 33. Nxb1 Nd7 34. Nc3 Bb3 35. a4 c4 36. dxc4 Bxc4 37. Kf1 f5 38. Ke1 e4 39. e3 Kf7 40. Bf1 Bxf1 41. Kxf1 Ke7 42. Ke2 Kd8 43. Kd2 Nc5 44. Kc2 Nd3 45. Nd1 Ne1+ 46. Kb3 Nf3 47. h4 Ne5 48. Kb4 Kc7 49. Kb5 Kb7 50. Nc3 Ng4 51. Nd1 Ne5 52. a5 h6 53. a6+ Kc7 54. Nc3 1/2-1/2

[Event "Saarlouis op 6th"]
[Site "Saarlouis"]
[Date "2003.05.31"]
[Round "5"]
[White "Nischik, Natascha"]
[Black "Dietzen, Corinna"]
[Result "0-1"]
[WhiteElo "1200"]
[BlackElo "1390"]
[PlyCount "72"]
[EventDate "2003.05.??"]
[EventType "swiss"]
[EventRounds "7"]
[EventCountry "GER"]
[SourceTitle "EXT 2006"]
[Source "ChessBase"]
[SourceDate "2005.11.24"]
[SourceVersion "1"]
[SourceVersionDate "2005.11.24"]
[SourceQuality "1"]

1. c4 e5 2. Nc3 Nf6 3. Nf3 Nc6 4. g3 Bc5 5. Bg2 0-0 6. 0-0 a6 7. d3 d6 8. Bd2 Rb8 9. Qc2 Bf5 10. Rab1 Re8 11. b3 e4 12. Ne1 exd3 13. exd3 Nb4 14. Qd1 Nxd3 15. Ra1 Nxe1 16. Rxe1 Ng4 17. Rf1 Qd7 18. Qf3 Ne5 19. Qh5 Bg4 20. Qg5 Nf3+ 21. Bxf3 Bxf3 22. Qf4 Qc6 23. Rae1 Bh1 24. Nd5 Bxd5 25. cxd5 Qxd5 26. Bc3 f6 27. Rd1 Qc6 28. Rd3 Re7 29. Rfd1 Rbe8 30. Qf3 Qxf3 31. Rxf3 Re2 32. a4 Rc2 33. Kg2 Ree2 34. Rf1 Rxf2+ 35. R1xf2 Bxf2 36. Rxf2 Rxc3 0-1

[Event "GER-chT U14 Girls"]
[Site "Greifswald"]
[Date "2001.12.29"]
[Round "6.3"]
[White "Nischik, Natascha"]
[Black "Weise, Lisa"]
[Result "0-1"]
[WhiteElo "845"]
[BlackElo "1128"]
[PlyCount "88"]
[EventDate "2001.12.27"]
[EventType "team-swiss"]
[EventRounds "7"]
[EventCountry "GER"]
[SourceTitle "EXT 2003"]
[Source "ChessBase"]
[SourceDate "2002.11.25"]
[SourceVersion "1"]
[SourceVersionDate "2002.11.25"]
[SourceQuality "1"]
[WhiteTeam "Wadgassen/Differten U14 Girls"]
[BlackTeam "Zeulenroda U14 Girls"]
[WhiteTeamCountry "GER"]
[BlackTeamCountry "GER"]

1. e4 e5 2. Nf3 Nc6 3. Bc4 Bc5 4. Nc3 Nf6 5. d3 h6 6. Be3 Nd4 7. Bxd4 exd4 8. Ne2 d5 9. exd5 Bg4 10. c3 Bxf3 11. gxf3 Nxd5 12. Qd2 dxc3 13. Nxc3 Nxc3 14. Qxc3 Qe7+ 15. Kd2 Bb4 16. Rae1 Bxc3+ 17. Kxc3 f6 18. Rxe7+ Kxe7 19. Rg1 g5 20. Re1+ Kd7 21. Be6+ Kd6 22. Kc4 Rae8 23. d4 Rxe6 24. Rxe6+ Kxe6 25. Kd3 Kd5 26. Ke3 Re8+ 27. Kd3 Re1 28. Kd2 Rh1 29. Ke3 Rxh2 30. b4 Rxf2 31. a4 Rxf3+ 32. Kd2 Rf4 33. Kd3 Rxd4+ 34. Ke3 h5 35. Kf3 g4+ 36. Kg3 f5 37. b5 f4+ 38. Kh2 f3 39. a5 f2 40. a6 f1Q 41. axb7 Qf4+ 42. Kg2 Rd2+ 43. Kg1 Qf2+ 44. Kh1 Qh2# 0-1